00472nam a2200193 a 4500001001300000003000900013005001700022008004100039020001000080082002000090100001700110245001000127260004000137300000900177500003500186505001000221650003000231700001700261nice12345678IN_TiNIC20260116011345.0050524s1921 lona grp 000 0 eng  ac10000a297.122521bROD aRodwell, J M aKoran aLondonbJ. M. Dent & Sons Ltdc1921 a556p aincludes index and biblioraphy2 aIndex aQuran-Translation-English1 aRodwell, J M